[Event "Pokal 2019/20"]
[Site "Turnierstufe"]
[Date "2020.04.02"]
[Round "Achtelfinale"]
[White "Turbo King II EGR II"]
[Black "Vancouver 68000"]
[Result "1/2-1/2"]
[BlackElo "2240"]
[WhiteElo "1933"]

1.d4 d5 2.Nf3 c6 3.c4 Nf6 4.Nc3 dxc4 5.a4 Na6 6.e4 Bg4 7.Bxc4 e6 8.Be3
{ Buchende. } 8...Be7 { Buchende. } 9.Bxa6 bxa6 10.h3 Bxf3 11.Qxf3 Rb8 12.Rb1
O-O 13.O-O Rb3 14.Qe2 Qb6 15.d5 c5 16.Bf4 Rb4 17.d6 Bd8 18.Bh2 Qb7 19.e5 Nd7
20.Bg3 Ba5 21.Rfc1 Rb8 22.Rc2 Rd4 23.Ra1 Bxc3 24.bxc3 Re4 25.Qd2 Qc6 26.a5
Ra4 27.Rcc1 Qb5 28.Qd1 Rxa5 29.Rab1 Qc6 30.Rxb8+ Nxb8 31.Qe2 Nd7 32.Rb1 g6
33.Bf4 Ra4 34.Bh6 Re4 35.Qb2 Nb6 $2 36.Qd2 f6
{ Noch der beste Zug, aber Schwarz ist verloren, wenn Weiß richtig
weiterspielt. } 37.exf6 ( 37.Rxb6 { +4.47/21 } 37...Qxb6 38.d7 Qd8 39.Qd6 )
37...Nd7 38.Qd3 Kf7 39.Bg7 { Turbo King spielt nicht richtig weiter. }
39...Ra4 40.Re1 a5 41.c4 Rb4 42.Rd1 Qa6 43.Qe4 Rxc4 44.Qe2 Qb5 45.Re1 e5
46.Qd3 Nb6 47.Kh2 Qc6 48.Qd2 Nd7 49.Qxa5 Qxd6 50.Qa2 e4+ 51.Kg1 Qd5 52.Qxa7
Rc2 53.Rxe4 Qd1+ 54.Kh2 Qd6+ 55.f4 Qc6 56.Qa4 Qxa4 57.Rxa4 Rd2 58.Ra7 Ke6
59.Ra6+ Kf7 60.Kg3 Rd3+ 61.Kh4 Rd4 62.g3 c4 63.Rc6 Ne5 64.Rc5 Nf3+ 65.Kg4 Rd3
66.Rc7+ Kg8 67.Rc8+ Kf7 68.h4 h5+ 69.Kh3 Rd2 70.Rc7+ Ke6 71.g4 Ng1+ 72.Kg3
Ne2+ 73.Kf3 Ng1+ 74.Ke3 Rd3+ 75.Ke4 Nh3 76.f5+ gxf5+ 77.gxf5+ Kd6 78.Rd7+
Kxd7 79.f7 Nf2+ 80.Ke5 Re3+ 81.Kd5 Re8 82.fxe8=Q+ Kxe8 83.Kxc4 Kf7 84.Bd4 Ne4
85.Kd5 Nd2 86.Be3 Nf3 87.Bf2 Nh2 88.Ke4 Kg7 89.Bd4+ Kf7 90.Kf4 Ke8 91.Bb2 Kf7
92.Kg5 Nf3+ 93.Kxh5 Nd2 94.Kh6 Nc4 95.Bd4 Nd2 96.h5 Nb3 97.Bb2 Nd2 98.Bc3 Nc4
99.Kg5 Nd6 100.Bd4 Ne4+ 101.Kf4 Nd6 102.h6 Kg8 103.Be5 Nf7 104.Bg7 Kh7
105.Ke4 Kg8 106.f6 Kh7 107.Kf5 Nd8 108.Bf8 Nf7 109.Ke6 Kg6 110.Bg7 Ng5+
111.Ke7 Nf7 112.Kd7 Nxh6 1/2-1/2

[Event "Pokal 2019/20"]
[Site "Turnierstufe"]
[Date "2020.04.03"]
[Round "Achtelfinale"]
[White "Vancouver 68000"]
[Black "Turbo King II EGR II"]
[Result "1-0"]
[BlackElo "1940"]
[WhiteElo "2233"]

1.d4 d5 2.c4 e6 3.g3 { Buchende! } 3...c5 { Buchende. } 4.cxd5 exd5 5.Bg2
cxd4 6.Qxd4 Nf6 7.Nf3 Nc6 8.Qd3 Bb4+ 9.Bd2 O-O 10.O-O Be6 11.e3 Qb6 12.Rc1
Rac8 13.Nc3 Bd6 14.Na4 Qd8 15.Bc3 Qe7 16.Ng5 Ne5 17.Bxe5 Bxe5 18.Nf3 Bd6
19.Rxc8 Rxc8 20.Nc3 Bb4 21.Ne2 Bg4 22.Nf4 Qd6 23.a3 Bc5 24.Rd1 Bb6 25.h3 Be6
26.b4 Rc7 27.Kf1 Qd7 28.Nd4 a6 29.Kg1 Qc8 30.Qe2 Bxd4 31.Rxd4 b5 32.Nxd5 Nxd5
33.Bxd5 Bxh3 34.Qf3 Rc1+ 35.Kh2 Be6 36.Bb7 Qe8 37.Bxa6 f6 38.Rd6 Bc4 $2
39.Rc6 Qe5 40.Rc5 Qb2 41.Rc8+ { Mattankündigung. } 41...Kf7 42.Rc7+ Kg6
43.Qg4+ Kh6 44.Qxg7+ Kh5 45.Qxh7+ Kg4 46.Qe4+ Kh5 47.Qf5+ Kh6 48.Rh7# 1-0

[Event "Pokal 2019/20"]
[Site "Turnierstufe"]
[Date "2020.04.06"]
[Round "Viertelfinale"]
[White "Vancouver 68000"]
[Black "Mach III 20 MHz"]
[Result "1-0"]
[BlackElo "2046"]
[WhiteElo "2236"]

1.e4 e5 2.f4 exf4 3.Nf3 g5 4.h4 g4 5.Ne5 Nf6 6.d4 d6 7.Nd3 { Buchende. }
7...Nxe4 8.Bxf4 Qe7 9.Be2 Bg7 10.Nb4 Be6 11.c3 Nd7 12.Nd2 Nxd2 13.Qxd2 O-O-O
14.O-O a5 15.Nc2 f5 16.c4 Rde8 17.Bg5 Bf6 18.Bxf6 Qxf6 19.d5 Qxh4 20.Nd4 Bg8
$2 { 20....Se5 oder noch besser 20....g3! } 21.Nxf5
{ Jetzt bekommt Weiss Vorteil. } 21...Qf6 $2 22.Bxg4 { 22.Sh6! } 22...h5
23.Bh3 b6 24.Nd4 Qg7 25.Rae1 Bh7 26.Bxd7+ Qxd7 27.Ne6 Rhg8 28.Qc3 Bg6 29.b3
Qe7 30.Rf6 Qh7 31.Qh3 Kb8 32.Qf3 Re7 33.Kh2 Qh8 34.Kh1 h4 35.Re3 Kc8 36.Qf2
Qh5 37.Ref3 Be8 38.R6f4 Rg3 39.Rf8 Qg6 40.R3f6 Qb1+ 41.Kh2 Qe4 42.Rf4 Qe5
43.Qd4 Qe2 44.Rf2 Qh5 45.Qh8 Qxh8 46.Rxh8 Kd7 47.Rxh4 Rg8 48.Rhf4 Rh7+ 49.Kg1
Rhh8 50.Rf8 Rxf8 51.Nxf8+ Ke7 52.Ne6 c5 53.Re2 Bh5 54.Re3 Kf6 55.Rh3 Rh7
56.Nf4 Kg5 57.Nxh5 Rxh5 58.Kf2 Kg4 59.Rxh5 Kxh5 60.Kf3 Kg5 61.g4 Kg6 62.Kf4
a4 63.bxa4 Kf6 64.g5+ Kg6 65.Kg4 Kg7 66.Kf5 Kf7 67.g6+ Kg7 68.Kg5 Kg8 69.Kf6
{ Mattankündigung. } 69...Kf8 70.g7+ Kg8 71.Kg6 b5 72.a5 bxc4 73.a6 c3 74.a7
c4 75.a8=Q# 1-0

[Event "Pokal 2019/20"]
[Site "Turnierstufe"]
[Date "2020.04.07"]
[Round "Viertelfinale"]
[White "R 30, V. 2.5"]
[Black "Risc 2500, 2MB"]
[Result "1-0"]
[BlackElo "2251"]
[WhiteElo "2383"]

1.b3 d5 2.Nf3 Bg4 3.Ne5 { Buchende. } 3...Bh5 { Buchende. } 4.g4 f6 5.gxh5
fxe5 6.Bh3 Nf6 7.c4 Nc6 8.Bb2 e6 9.Bxe6 Qd6 10.Bh3 Nxh5 11.e3 Nf6 12.Nc3 Nb4
13.d4 e4 14.Bf1 dxc4 15.Bxc4 c6 16.f3 exf3 17.a3 b5 18.axb4 bxc4 19.Qxf3 cxb3
20.b5 Qe6 21.Ra6 Rc8 22.Rg1 Bb4 23.Rxg7 Qe4 $2 24.Qh3 Qb1+ 25.Ke2 Qxb2+
26.Kf3 Ng4 27.Kxg4 Qf2 28.Raxa7 h5+ 29.Kg5 Qg1+ 30.Kf6 Qf2+ 31.Ke5 Bd6+
32.Kxd6 Qf6+ 33.Kc5 { Mattankündigung! } 33...Rd8 34.Ne4 Qf8+ { Aufgabe. }
35.Kc4 Qxg7 36.Qe6+ Kf8 37.Rxg7 Rxd4+ 38.Kxd4 c5+ 39.Kc3 Kxg7 40.Qe7+ Kg6
41.Qf6+ Kh7 42.Ng5+ Kg8 43.Qf7# 1-0

[Event "Pokal 2019/20"]
[Site "Turnierstufe"]
[Date "2020.04.07"]
[Round "Viertelfinale"]
[White "Berlin Pro"]
[Black "Ruby"]
[Result "1-0"]
[BlackElo "1952"]
[WhiteElo "2256"]

1.e4 c6 2.d4 d5 3.Nc3 dxe4 4.Nxe4 Bf5 5.Ng3 Bg6 { Buchende. } 6.Bc4 e6 7.h4
{ Buchende. } 7...Nf6 8.h5 Be4 9.Nxe4 Nxe4 10.c3 Nd7 11.Bd3 Nef6 12.h6 g6
13.Nf3 Bd6 14.O-O O-O 15.Bg5 e5 16.Re1 exd4 17.Bc4 c5 18.cxd4 Qb6 19.Qa4 cxd4
20.Bb5 Nc5 21.Qxd4 Nh5 22.g4 Qxb5 23.gxh5 f6 24.Qd5+ Kh8 25.hxg6 hxg6 26.Qxd6
Qxb2 27.Rab1 Qc3 { und Aufgabe. } 28.Qe7 { Mattankündigung. } 28...fxg5
29.Nxg5 Qxe1+ 30.Rxe1 Rf7 31.Qxf7 a5 32.Qh7# 1-0

[Event "Pokal 2019/20"]
[Site "Turnierstufe"]
[Date "2020.04.09"]
[Round "Viertelfinale"]
[White "Star Sapphire"]
[Black "Polgar"]
[Result "0-1"]
[BlackElo "2013"]
[WhiteElo "2161"]

1.f4 d5 2.Nf3 g6 3.g3 Bg7 4.Bg2 Nf6 { Buchende. } 5.O-O { Buchende. } 5...Bf5
6.Ne5 O-O 7.c4 c6 8.Qb3 b6 9.d4 dxc4 10.Qxc4 Be6 11.Qa4 Bd5 12.Nc3 b5 13.Qa3
Bxg2 14.Kxg2 Qd6 15.Qxd6 exd6 16.Nd3 a5 17.a3 Re8 18.Rf3 Nbd7 19.Bd2 Nb6
20.e3 Nc4 21.Bc1 a4 22.Nb4 Rac8 23.h3 Ne4 24.Nxe4 Rxe4 25.Rb1 c5 26.dxc5 dxc5
27.Nd3 f5 28.g4 Bf6 29.gxf5 gxf5 30.Kf1 Kf7 31.Nf2 Ree8 32.b3 axb3 33.Rxb3
Nd6 34.Rd3 Ke6 35.Rg3 Rg8 36.Rxg8 Rxg8 37.Rd1 Rc8 38.Bd2 Nc4 39.Bc1 b4
40.axb4 cxb4 41.Rd3 Ra8 42.Ke2 Ra2+ 43.Kf3 Bh4 44.Nh1 Rc2 45.Rd1 b3 46.Ng3 b2
47.Bxb2 Rxb2 48.Ne2 Nd2+ 49.Kg2 Ne4 50.Kf3 Nc3 51.Nd4+ Kf6 52.Nxf5 Kxf5
53.e4+ Ke6 54.Ra1 Ra2 55.Rxa2 Nxa2 56.Kg4 Bf2 57.Kf3 Bc5 58.Ke2 Nc3+ 59.Kd3
Nd1 60.Kc4 Bd6 61.e5 Be7 62.h4 Bxh4 63.Kd3 { und Aufgabe. } 0-1

[Event "Pokal 2019/20"]
[Site "Turnierstufe"]
[Date "2020.04.14"]
[Round "Halbfinale"]
[White "R 30, V. 2.5"]
[Black "Berlin Pro"]
[Result "1/2-1/2"]
[BlackElo "2259"]
[WhiteElo "2389"]

1.b3 e5 2.Bb2 Nc6 3.e3 Nf6 4.Bb5 { Buchende. } 4...d6 { Buchende. } 5.Nf3 Be7
6.Nc3 O-O 7.O-O Bg4 8.Bxc6 bxc6 9.h3 Bh5 10.g4 Bg6 11.Nh4 Nd7 12.Nxg6 fxg6
13.d4 Qb8 14.f4 exf4 15.exf4 Qb6 16.Qd3 Rf7 17.a4 Raf8 18.a5 Qb4 19.Qe3 Bh4
20.g5 Rf5 21.Ba3 Qb8 22.Qe6+ R8f7 23.d5 Nf8 24.Qe4 Qc8 25.Qc4 Qe8 26.Bc1 Bxg5
{ So leichtsinnig sollte man eben gegen ein Lang-Programm nicht spielen. }
27.Bd2 Bf6 28.Rae1 Qa8 29.Qxc6 Qxc6 30.dxc6 Rxa5 31.b4 Ra6 32.Nd5 Rxc6 33.c3
Ra6 34.Be3 Bh4 35.Bf2 Bxf2+ 36.Rxf2 Ra3 37.Rd2 a6 38.Re8 a5 39.bxa5 Rxa5
{ Nach diesem Zug findet R 30 einen möglichen Remis-Weg: } 40.Ne7+ Kh8 41.Rb2
Ra4 42.f5 gxf5 43.Rbb8 g6 44.Rxf8+ Rxf8 45.Rxf8+ Kg7 46.Rc8 Rc4 47.Nd5 c6
48.Ne7 Rxc3 49.Rxc6 Rxh3 50.Rxd6 f4 51.Kf2 Ra3 52.Nc6 g5 53.Ne5 Ra5 54.Re6
Ra1 55.Rb6 Ra7 56.Rc6 Rb7 57.Rd6 Rb5 58.Re6 Rb3 59.Rd6 Ra3 60.Rb6 Rg3 61.Rb7+
Kf6 62.Nf3 h5 63.Rb6+ Kf5 64.Rb5+ { (0.00) } 64...Kg6 { (0.00) } 65.Rb6+ Kg7
66.Rb7+ Kg6 67.Rb6+ Kh7 68.Rb5 Kh6 69.Rb6+ Kh7 70.Rb5 Kh6 71.Rb6+ Kh7
{ remis 3x } 1/2-1/2

[Event "Pokal 2019/20"]
[Site "Turnierstufe"]
[Date "2020.04.16"]
[Round "Halbfinale"]
[White "Berlin Pro"]
[Black "R 30, V. 2.5"]
[Result "1-0"]
[BlackElo "2385"]
[WhiteElo "2263"]

1.e4 c6 2.Nf3 d5 3.Nc3 Bg4 4.h3 Bxf3 { Buchende. } 5.Qxf3 { Buchende. }
5...d4 6.Nd1 Nd7 7.c3 e5 8.Bc4 Ngf6 9.O-O b5 10.Be2 Bd6 11.cxd4 exd4 12.d3
Qc7 13.Bg5 O-O 14.Qf5 h6 15.Bxf6 Nxf6 16.f4 Rfe8 17.h4 Nd5 18.e5 Be7 19.h5
Rad8 20.Bf3 Qc8 21.Qxc8 Rxc8 22.a4 Nxf4 23.Bg4 Nxd3 24.Bxc8 Rxc8 25.axb5 Nxe5
26.Rxa7 Bc5 27.Rb7 d3+ 28.Kh1 d2 29.bxc6 Rxc6 30.Rb8+ Kh7 31.Rd8 Rd6 $2
{ Jetzt wird der Bd2 nicht mehr zu halten sein. } 32.Rxd6 Bxd6 33.Rf2 Bb4
34.g3 g6 35.Rf4 Bc5 36.b4 Bb6 37.Rf6 Bc7 38.Rf2 Bd6 39.b5 Bb4 40.b6 Kg7 41.b7
Nc6 42.hxg6 fxg6 43.Rf3 Nb8 44.Rd3 Ba5 45.Ne3 Bc7 46.Kg2 Kf7 47.Rxd2 Ke6
48.Rc2 Kd6 49.Nd5 Ba5 50.Rc8 Na6 51.Ra8 Kxd5 52.Rxa6 Bc7 53.Rxg6 h5 54.Kh3
Ke5 55.Kh4 Kd4 56.Rg5 Ke3 57.Rc5 Bd6 58.Rc6 Bb8 59.Rc8 Bd6 60.Kxh5 Kf3 61.g4
Ke4 62.g5 Kd5 63.g6 Be5 64.Kh6 Bf4+ 65.Kh7 Be5 66.g7 Bd6 67.g8=Q+ Ke5 68.Rc4
{ Mattankündigung. } 68...Bc7 69.Kg6 Bb8 70.Qe8+ Kd6 71.Kf6 Ba7 72.Qc6# 1-0

[Event "Pokal 2019/20"]
[Site "Turnierstufe"]
[Date "2020.04.20"]
[Round "Halbfinale"]
[White "Vancouver 68000"]
[Black "Polgar"]
[Result "1-0"]
[BlackElo "2027"]
[WhiteElo "2241"]

1.e4 e6 2.Nc3 d5 3.d4 Nf6 4.e5 Nfd7 5.f4 c5 6.Nf3 Nc6 7.Be3 Qb6 8.Na4 Qa5+
9.c3 cxd4 10.b4 Nxb4 11.cxb4 Bxb4+ 12.Bd2 Bxd2+ 13.Nxd2 b6 { Buchende. }
14.Bd3 Nc5 15.Nxc5 bxc5 16.O-O c4 17.Bxc4 { Buchende. } 17...dxc4 18.Nxc4 Qc5
19.Nd6+ Kd7 20.Qa4+ Ke7 21.Rfc1 Qb6 22.Rab1 Qd8 ( 22...Qd8 { Matt in 13. }
23.Qa3 Kf8 24.Rxc8 Kg8 25.Qxa7 h6 26.Qxa8 Qxc8 27.Qxc8+ Kh7 28.Qc2+ d3
29.Qxd3+ g6 30.Nxf7 Rg8 31.Ng5+ hxg5 32.Qh3+ Kg7 33.Rb7+ Kf8 34.Qxe6 gxf4
35.Qe7# ) 23.Qc6 Ba6 24.Qxa6 Qd7 25.Rb7 Rhd8 { und Aufgabe. } 1-0

[Event "Pokal 2019/20"]
[Site "Turnierstufe"]
[Date "2020.04.20"]
[Round "Finale"]
[White "Vancouver 68000"]
[Black "Berlin Pro"]
[Result "1-0"]
[BlackElo "2276"]
[WhiteElo "2246"]

1.Nf3 d5 2.d4 c6 3.c4 Nf6 4.cxd5 cxd5 5.Nc3 Nc6 6.Bf4 Bf5 7.e3 e6 8.Bb5 Nd7
9.Qa4 Rc8 10.Bxc6 Rxc6 11.Qxa7 Qc8 12.Qa5 Ra6 13.Qc7 Qxc7 14.Bxc7
{ Buchende. } 14...Bb4 { Buchende. } 15.O-O Rc6 16.Bg3 Bxc3 17.bxc3 O-O
18.Rfc1 Rfc8 19.a4 Rxc3 20.Rxc3 Rxc3 21.h4 f6 22.a5 Kf7 23.Ra2 Rb3 24.Bd6 h5
25.Kh2 Bb1 26.Ra4 Bc2 27.Rb4 Rxb4 28.Bxb4 Nb8 29.Kg3 Nc6 30.Bc3 Ke7 31.Ng1
Bd3 32.Nf3 Kd6 33.Kf4 Bf1 34.Kg3 Ne7 35.Bb4+ Kd7 36.Bxe7 Kxe7 37.Nd2 Bc4
38.Nb1 Kd6 39.Nc3 Kc6 40.Kf4 b6 41.axb6 Kxb6 42.f3 Ka5 43.g4 Kb4 44.Nd1 hxg4
45.fxg4 Be2 46.Nf2 Kc3 47.Nh3 Bf1 48.Nf2 Kd2 49.g5 fxg5+ 50.hxg5 Be2 51.e4
Bf1 $2 { Fehler. Vancouver würde jedoch ebenfalls so spielen. } ( 
{ Richtig ist } 51...Bh5 { und dann } 52.Nh3 Ke2 53.Ke5 Kf3 54.Nf4 Bf7
55.exd5 exd5 56.Nxd5 Kg4 57.g6 Bxg6 { usw. } ) 52.exd5 exd5 53.Ke5 Bg2 $2
{ 53. ...La6 oder ...Lb5 hätten noch Chancen zum Remis geboten, aber jetzt
ist es vorbei: } 54.Ng4 Be4 55.Nf6 $1 { Schön. } 55...gxf6+ 56.gxf6 Bg6
57.Kxd5 Kd3 58.Ke5 Kc4 59.d5 Kc5 60.d6 Kc6 { und Aufgabe. } 1-0